[Event "Uxbridge Int Morphy"]
[Site "Denham Grove"]
[Date "2010.02.15"]
[Round "4"]
[White "Tserendorj, Sainbayar"]
[Black "Cox, John J"]
[Result "0-1"]
[WhiteElo "2019"]
[BlackElo "2387"]
[PlyCount "148"]
[EventDate "2010.02.13"]
[EventType "tourn"]
[EventRounds "9"]
[EventCountry "ENG"]

1. c4 Nf6 2. g3 g6 3. Bg2 Bg7 4. Nc3 O-O 5. e3 d6 6. Nge2 e5 7. O-O Nbd7 8. b4
a5 9. b5 e4 10. Nxe4 Nxe4 11. Bxe4 Bxa1 12. d4 Nb6 13. Bd3 Bh3 14. Re1 Qf6 15.
Qc2 Bf5 16. Ba3 Bxd3 17. Qxd3 Qe6 18. Rxa1 Qxc4 19. Qxc4 Nxc4 20. Bc1 d5 21.
Nc3 c6 22. Rb1 Rfc8 23. Kf1 Nd6 24. a4 Ne4 25. Nxe4 dxe4 26. Ba3 Kg7 27. b6 Kf6
28. Kg2 Ke6 29. Rc1 Rd8 30. h3 Rd5 31. Rc2 f5 32. h4 Rg8 33. Rc1 h6 34. Bc5
Rdd8 35. Ba3 Rh8 36. Bb2 Rh7 37. Bc3 Rd5 38. Rh1 c5 39. Rc1 Rhd7 40. Bb2 cxd4
41. Bxd4 g5 42. hxg5 hxg5 43. Rc8 f4 44. Re8+ Re7 45. Rf8 f3+ 46. Kh3 Rdd7 47.
Rf6+ Kd5 48. Kg4 Kc4 49. Rf5 Kd3 50. Rb5 Ke2 51. Rb2+ Kf1 52. Rc2 Rh7 53. Kxg5
Rh2 54. Kf4 Re7 55. Rc7 Rhh7 56. Rc2 Kg2 57. g4 Rhf7+ 58. Kg5 Re6 59. Kh5 Rh7+
60. Kg5 Rf7 61. Kh5 Rh7+ 62. Kg5 Rc6 63. Rb2 Rf7 64. Kh5 Rh7+ 65. Kg5 Rf7 66.
Kh5 Kh3 67. Kg5 Rf8 68. Rd2 Rg8+ 69. Kf5 Rxg4 70. Rd1 Rgg6 71. Be5 Kg2 72. Rd2
Rxb6 73. Kxe4 Rg8 74. Ra2 Rb4+ {Time} 0-1

[Event "Uxbridge Int Morphy"]
[Site "Denham Grove"]
[Date "2010.02.15"]
[Round "4"]
[White "Tymrakiewicz, Rafal"]
[Black "Slavin, Alexei"]
[Result "1-0"]
[WhiteElo "2273"]
[BlackElo "2368"]
[PlyCount "87"]
[EventDate "2010.02.13"]
[EventType "tourn"]
[EventRounds "9"]
[EventCountry "ENG"]

1. d4 Nf6 2. Nf3 e6 3. e3 b6 4. Bd3 Bb7 5. O-O d5 6. Ne5 Bd6 7. f4 O-O 8. Nd2
Ne4 9. Nxe4 dxe4 10. Be2 Nd7 11. b3 Qe7 12. a4 Rad8 13. Nc4 Bb4 14. Bb2 Qh4 15.
c3 Be7 16. Qe1 Qxe1 17. Rfxe1 a5 18. Ba3 Bxa3 19. Rxa3 Nf6 20. b4 Ra8 21. b5
Nd5 22. Kf2 f6 23. Nd2 e5 24. g3 g5 25. f5 Rfe8 26. Bc4 Kg7 27. Bxd5 Bxd5 28.
c4 Bb7 29. d5 Bc8 30. g4 h5 31. h3 Rh8 32. Nxe4 hxg4 33. hxg4 Rh2+ 34. Kf3 Rc2
35. Rc3 Ra2 36. c5 Rxa4 37. cxb6 Bxf5 38. Rxc7+ Kg6 39. gxf5+ Kxf5 40. Nd6+ Kg6
41. Rc8 e4+ 42. Kg3 Rxc8 43. Nxc8 Rb4 44. Nd6 1-0

[Event "Uxbridge Int Morphy"]
[Site "Denham Grove"]
[Date "2010.02.15"]
[Round "5"]
[White "Arkell, Keith C"]
[Black "Tymrakiewicz, Rafal"]
[Result "1/2-1/2"]
[WhiteElo "2462"]
[BlackElo "2273"]
[PlyCount "135"]
[EventDate "2010.02.13"]
[EventType "tourn"]
[EventRounds "9"]
[EventCountry "ENG"]

1. d4 Nf6 2. Nf3 g6 3. c4 Bg7 4. g3 d5 5. cxd5 Nxd5 6. Nc3 Nb6 7. Bg2 Nc6 8. e3
O-O 9. O-O Re8 10. b3 a5 11. Bb2 h6 12. Nd2 a4 13. Nxa4 Nxa4 14. bxa4 Na5 15.
Qc2 c6 16. Nb3 e5 17. dxe5 Bxe5 18. Bxe5 Rxe5 19. Rfd1 Qe7 20. Qc3 Bf5 21. Rd4
Nxb3 22. axb3 Rc5 23. Qb4 Re5 24. Qxe7 Rxe7 25. b4 Rd7 26. Rxd7 Bxd7 27. a5 Ra7
28. Rd1 Be8 29. Kf1 Kf8 30. Rc1 Ke7 31. Ke2 Kd6 32. Kd3 Bd7 33. Kd4 Ra8 34. e4
f6 35. f4 Kc7 36. Kc5 g5 37. Rf1 Re8 38. fxg5 fxg5 39. Kd4 Be6 40. Rf6 h5 41.
Rh6 Rd8+ 42. Ke3 Bc4 43. Rh7+ Kb8 44. e5 Rd3+ 45. Ke4 Rd2 46. Rh8+ Kc7 47. Rh7+
Kb8 48. Rh8+ Kc7 49. Bh1 Rxh2 50. Bf3 h4 51. Kd4 Be6 52. Rh7+ Kd8 53. Rg7 Rd2+
54. Kc5 g4 55. Be4 hxg3 56. Rxb7 Bd5 57. a6 Bxe4 58. a7 Ra2 59. Rb8+ Kd7 60.
a8=Q Rxa8 61. Rxa8 g2 62. Ra1 Bd3 63. Rg1 Bf1 64. Kb6 g3 65. Kc5 Ke6 66. Kxc6
Kxe5 67. b5 Bxb5+ 68. Kxb5 1/2-1/2

[Event "Uxbridge Int Morphy"]
[Site "Denham Grove"]
[Date "2010.02.15"]
[Round "5"]
[White "McNab, Colin A"]
[Black "Adair, James"]
[Result "1/2-1/2"]
[WhiteElo "2475"]
[BlackElo "2167"]
[PlyCount "120"]
[EventDate "2010.02.13"]
[EventType "tourn"]
[EventRounds "9"]
[EventCountry "ENG"]

1. c4 c5 2. g3 Nc6 3. Bg2 g6 4. Nc3 Bg7 5. d3 e6 6. e4 Nge7 7. Nge2 O-O 8. O-O
d6 9. a3 b6 10. Rb1 Bb7 11. b4 Qd7 12. h3 Nd4 13. Nxd4 cxd4 14. Ne2 Rac8 15.
Qb3 Kh8 16. Bd2 f5 17. f3 d5 18. exd5 exd5 19. c5 bxc5 20. bxc5 Ba6 21. Rfc1
Nc6 22. Nf4 Ne5 23. h4 Rfd8 24. Kf2 Qc6 25. Bf1 h6 26. Be2 Rd7 27. Kg2 Re8 28.
Kf2 Kh7 29. Qc2 Rde7 30. Re1 Nd7 31. Rbc1 Be5 32. Bf1 Nf6 33. Re2 g5 34. hxg5
hxg5 35. Rxe5 Rxe5 36. Ne2 Nh5 37. Nxd4 Qc7 38. Bxg5 Re1 39. Nxf5 Rxc1 40. Qxc1
Qe5 41. d4 Qxf5 42. Bxa6 Qh3 43. Bd3+ Kg7 44. Qg1 Rb8 45. Bc1 Rb3 46. Be2 Rb1
47. Bd3 Ra1 48. Bh6+ Kxh6 49. Qxa1 Qxg3+ 50. Ke3 Qf4+ 51. Ke2 Qh2+ 52. Ke1 Qg1+
53. Bf1 Ng3 54. Qc1+ Kh5 55. Kd2 Qxd4+ 56. Bd3 Qf2+ 57. Kc3 Qxc5+ 58. Kb2 Qxc1+
59. Kxc1 Kg5 60. Ba6 Kf4 1/2-1/2

[Event "Uxbridge Int Morphy"]
[Site "Denham Grove"]
[Date "2010.02.15"]
[Round "5"]
[White "Slavin, Alexei"]
[Black "Tserendorj, Sainbayar"]
[Result "1-0"]
[WhiteElo "2368"]
[BlackElo "2019"]
[PlyCount "91"]
[EventDate "2010.02.13"]
[EventType "tourn"]
[EventRounds "9"]
[EventCountry "ENG"]

1. d4 Nf6 2. Nf3 d5 3. c4 c6 4. e3 Bg4 5. Nc3 e6 6. Qb3 Qb6 7. Nh4 Qxb3 8. axb3
g5 9. Nf3 Bxf3 10. gxf3 Nbd7 11. Bd3 a6 12. e4 dxe4 13. fxe4 e5 14. d5 cxd5 15.
exd5 h6 16. h4 g4 17. Be3 Bb4 18. O-O-O Nc5 19. Bc2 a5 20. Ne2 Nfe4 21. Ng3 Nd6
22. Nf5 Nxb3+ 23. Kb1 a4 24. Nxd6+ Bxd6 25. Bxb3 axb3 26. c5 Be7 27. d6 Bd8 28.
d7+ Ke7 29. Rd3 f5 30. Rhd1 f4 31. Bd2 Bc7 32. Rxb3 Rab8 33. Bb4 Ke6 34. h5
Rhd8 35. Rbd3 Kf5 36. Kc2 Kg5 37. c6 bxc6 38. Be7+ Kxh5 39. Bxd8 Bxd8 40. Rd6
Rb6 41. Rh1+ Kg5 42. Rhxh6 g3 43. Rdg6+ Kf5 44. fxg3 f3 45. Rg8 Rb8 46. Rxc6
1-0

[Event "Uxbridge Int Morphy"]
[Site "Denham Grove"]
[Date "2010.02.15"]
[Round "5"]
[White "Zhou, Yang-Fan"]
[Black "Larsen, Karsten"]
[Result "1-0"]
[WhiteElo "2279"]
[BlackElo "2319"]
[PlyCount "53"]
[EventDate "2010.02.13"]
[EventType "tourn"]
[EventRounds "9"]
[EventCountry "ENG"]

1. e4 g6 2. d4 c6 3. Nc3 d5 4. Nf3 Bg7 5. h3 Nh6 6. Bf4 dxe4 7. Nxe4 Nf5 8. c3
O-O 9. Bd3 Nd6 10. O-O Nxe4 11. Bxe4 Bf5 12. Bxf5 gxf5 13. Qb3 Qb6 14. Qa3 e6
15. Qe7 Na6 16. Rfe1 Rfe8 17. Qh4 Qd8 18. Qh5 f6 19. Nh4 Qd7 20. Re3 Re7 21.
Rae1 Rae8 22. Qe2 Kf7 23. Rg3 b5 24. Bh6 Kf8 25. Rxg7 Rxg7 26. Nxf5 exf5 27.
Bxg7+ 1-0

[Event "Uxbridge Int Morphy"]
[Site "Denham Grove"]
[Date "2010.02.16"]
[Round "6"]
[White "Adair, James"]
[Black "Zhou, Yang-Fan"]
[Result "1/2-1/2"]
[WhiteElo "2167"]
[BlackElo "2279"]
[PlyCount "61"]
[EventDate "2010.02.13"]
[EventType "tourn"]
[EventRounds "9"]
[EventCountry "ENG"]

1. e4 c5 2. Nf3 d6 3. d4 Nf6 4. Nc3 cxd4 5. Nxd4 g6 6. Be3 Bg7 7. f3 Nc6 8. Qd2
Bd7 9. O-O-O h5 10. Bc4 Na5 11. Bb3 Rc8 12. Nd5 Nc4 13. Bxc4 Rxc4 14. Rhe1 O-O
15. Kb1 Nxd5 16. exd5 b5 17. h3 Qa8 18. g4 hxg4 19. hxg4 Rfc8 20. Qh2 Qxd5 21.
Rh1 Rxd4 22. Rxd4 Qxf3 23. Rd3 Bc6 24. Qh7+ Kf8 25. Rc1 Qf6 26. Rb3 Ke8 27. g5
Qe5 28. Bf4 Qd4 29. Be3 Qe5 30. Bf4 Qd4 31. Be3 1/2-1/2

[Event "Uxbridge Int Morphy"]
[Site "Denham Grove"]
[Date "2010.02.16"]
[Round "6"]
[White "Brown, Thomas"]
[Black "Larsen, Karsten"]
[Result "1/2-1/2"]
[WhiteElo "2064"]
[BlackElo "2319"]
[PlyCount "76"]
[EventDate "2010.02.13"]
[EventType "tourn"]
[EventRounds "9"]
[EventCountry "ENG"]

1. d4 d5 2. c4 e6 3. Nc3 Nf6 4. cxd5 exd5 5. Bg5 Be7 6. e3 c6 7. Bd3 O-O 8.
Nge2 Re8 9. Ng3 h6 10. Bxf6 Bxf6 11. O-O Nd7 12. Qf3 Nf8 13. b4 Be6 14. Rfc1 a6
15. Na4 Nd7 16. Nc5 Nxc5 17. bxc5 Rc8 18. Nf5 Bxf5 19. Bxf5 Rc7 20. Rcb1 g6 21.
Bd3 Bg7 22. Rb3 Qe7 23. Rab1 Rf8 24. h4 h5 25. g3 f5 26. Qe2 Rf7 27. Re1 Qf6
28. f4 Rfe7 29. Qd2 Qf7 30. Reb1 Bf6 31. Bf1 Kg7 32. Bg2 Kh6 33. Qf2 Qg7 34.
Bf3 Re6 35. Kg2 Rce7 36. Rd1 Qf7 37. Rdd3 Qe8 38. Qd2 Rd7 1/2-1/2

[Event "Uxbridge Int Morphy"]
[Site "Denham Grove"]
[Date "2010.02.16"]
[Round "6"]
[White "Cox, John J"]
[Black "Slavin, Alexei"]
[Result "1-0"]
[WhiteElo "2387"]
[BlackElo "2368"]
[PlyCount "79"]
[EventDate "2010.02.13"]
[EventType "tourn"]
[EventRounds "9"]
[EventCountry "ENG"]

1. c4 c5 2. Nf3 g6 3. d4 cxd4 4. Nxd4 Bg7 5. e4 Nc6 6. Be3 Nf6 7. Nc3 d6 8. Be2
O-O 9. O-O Bd7 10. Qd2 Nxd4 11. Bxd4 Bc6 12. f3 Nd7 13. b4 Bxd4+ 14. Qxd4 Qb6
15. Qxb6 Nxb6 16. Rfc1 Rfc8 17. Nd5 Kf8 18. Kf2 e6 19. Ne3 Ba4 20. Rab1 Nd7 21.
Rc3 a5 22. b5 Rc5 23. Rd3 Ke7 24. Rb2 Nb6 25. Rbd2 Rd8 26. Ra3 Rdc8 27. h4 f5
28. exf5 gxf5 29. f4 d5 30. cxd5 Bxb5 31. Rb3 Nc4 32. Bxc4 Bxc4 33. Rxb7+ Kf6
34. d6 Bd5 35. Rxh7 Be4 36. g4 fxg4 37. Nxg4+ Kg6 38. Re7 Rd8 39. d7 Bd5 40.
Re8 1-0

[Event "Uxbridge Int Morphy"]
[Site "Denham Grove"]
[Date "2010.02.16"]
[Round "6"]
[White "Tserendorj, Sainbayar"]
[Black "Arkell, Keith C"]
[Result "0-1"]
[WhiteElo "2019"]
[BlackElo "2462"]
[PlyCount "72"]
[EventDate "2010.02.13"]
[EventType "tourn"]
[EventRounds "9"]
[EventCountry "ENG"]

1. c4 c5 2. Nc3 Nc6 3. Nf3 g6 4. e3 Nf6 5. g3 Bg7 6. Bg2 O-O 7. O-O d6 8. d3
Rb8 9. Ne1 Bg4 10. f3 Bd7 11. h3 a6 12. Rb1 b5 13. Kh2 bxc4 14. dxc4 Ne5 15.
Qe2 Bf5 16. e4 Be6 17. Nd5 Nxd5 18. cxd5 Bd7 19. Qc2 Bb5 20. Rh1 a5 21. f4 Nd7
22. b3 e6 23. Bb2 Bxb2 24. Rxb2 exd5 25. exd5 Re8 26. Qf2 Nf6 27. Rd2 a4 28.
bxa4 Bxa4 29. f5 g5 30. Nc2 Bxc2 31. Rxc2 Nd7 32. Qd2 h6 33. h4 Ne5 34. hxg5
Qxg5 35. Qxg5+ hxg5 36. Rf1 Ng4+ 0-1

[Event "Uxbridge Int Morphy"]
[Site "Denham Grove"]
[Date "2010.02.16"]
[Round "6"]
[White "Tymrakiewicz, Rafal"]
[Black "McNab, Colin A"]
[Result "1-0"]
[WhiteElo "2273"]
[BlackElo "2475"]
[PlyCount "113"]
[EventDate "2010.02.13"]
[EventType "tourn"]
[EventRounds "9"]
[EventCountry "ENG"]

1. d4 d6 2. Nf3 g6 3. c4 Bg7 4. Nc3 c6 5. h3 a6 6. e3 Nf6 7. Be2 O-O 8. O-O b5
9. b3 Nbd7 10. Bd2 Rb8 11. Qc2 Bb7 12. Rac1 e5 13. dxe5 dxe5 14. Rfd1 Qe7 15.
e4 b4 16. Na4 c5 17. Bd3 Ne8 18. Re1 Nc7 19. Nb2 Ne6 20. Nd1 Nd4 21. Nxd4 cxd4
22. Nb2 a5 23. a3 bxa3 24. Na4 Bc6 25. Rb1 Nc5 26. Nxc5 Qxc5 27. Ra1 Rfc8 28.
Reb1 Bf8 29. Bc1 a4 30. bxa4 Rxb1 31. Qxb1 Qa7 32. Bxa3 Bxa3 33. Rxa3 Rb8 34.
Qc1 Qa5 35. Kh2 Kg7 36. f4 f6 37. h4 Rb4 38. Qd2 Qc5 39. a5 Rxc4 40. Bxc4 Qxa3
41. fxe5 fxe5 42. Qg5 Qd6 43. Bd3 h6 44. Qc1 Qf6 45. Kg1 h5 46. a6 Qd6 47. Qg5
Qc5 48. g4 hxg4 49. h5 Be8 50. a7 Qxa7 51. Qxe5+ Kh6 52. Qxe8 Qa1+ 53. Kg2 Kxh5
54. e5 Qb2+ 55. Kg3 Qb6 56. Qh8+ Kg5 57. Qh4# 1-0

[Event "Uxbridge Int Morphy"]
[Site "Denham Grove"]
[Date "2010.02.16"]
[Round "7"]
[White "Arkell, Keith C"]
[Black "Cox, John J"]
[Result "1/2-1/2"]
[WhiteElo "2462"]
[BlackElo "2387"]
[PlyCount "153"]
[EventDate "2010.02.13"]
[EventType "tourn"]
[EventRounds "9"]
[EventCountry "ENG"]

1. c4 e5 2. Nc3 Nc6 3. g3 f5 4. Bg2 Nf6 5. e3 d6 6. Nge2 g6 7. d4 Bg7 8. b4 O-O
9. b5 Ne7 10. Ba3 e4 11. h4 Be6 12. d5 Bf7 13. Nf4 a6 14. Bb2 axb5 15. Nxb5
Nfxd5 16. Bxg7 Nxf4 17. gxf4 Kxg7 18. Qd4+ Kg8 19. h5 gxh5 20. Rg1 Bg6 21. Bf1
Nc6 22. Qb2 Rc8 23. c5 Qf6 24. Qxf6 Rxf6 25. cxd6 cxd6 26. Rd1 Rd8 27. Be2 Kf8
28. Rh1 Bf7 29. a3 Rh6 30. Kf1 Ke7 31. Kg2 Rd7 32. Kh3 d5 33. Rd2 h4 34. Rhd1
Ke6 35. Bc4 Ne7 36. Nd4+ Kf6 37. Be2 Nc6 38. Bb5 Rd6 39. Bxc6 bxc6 40. Rc1 Bh5
41. Nxc6 Bg4+ 42. Kh2 Rg6 43. Nb4 Ke6 44. Rc7 Bf3 45. Nc2 Rg2+ 46. Kh3 Rb6 47.
Nd4+ Kf6 48. Rdc2 Rg1 49. R2c6+ Rxc6 50. Rxc6+ Kf7 51. Nxf3 exf3 52. Kxh4 d4
53. exd4 Rg2 54. Rc2 Ke6 55. a4 Kd5 56. a5 Ke4 57. d5 Kxf4 58. Kh3 Rg6 59. Rc4+
Ke5 60. Ra4 Ra6 61. Kg3 Kxd5 62. Kxf3 Ke5 63. Kg3 Rg6+ 64. Kh4 Ra6 65. f4+ Kf6
66. Kh5 h6 67. Ra1 Kf7 68. Kh4 Kg6 69. Kg3 h5 70. Kf3 Kh6 71. Ke3 Kg6 72. Kd4
Kh6 73. Ke5 h4 74. Ra3 Kg6 75. Ra1 h3 76. Ra2 h2 77. Rg2+ 1/2-1/2

[Event "Uxbridge Int Morphy"]
[Site "Denham Grove"]
[Date "2010.02.16"]
[Round "7"]
[White "McNab, Colin A"]
[Black "Tserendorj, Sainbayar"]
[Result "1-0"]
[WhiteElo "2475"]
[BlackElo "2019"]
[PlyCount "83"]
[EventDate "2010.02.13"]
[EventType "tourn"]
[EventRounds "9"]
[EventCountry "ENG"]

1. c4 Nf6 2. Nf3 c6 3. g3 d5 4. b3 Bg4 5. Bg2 e6 6. O-O Be7 7. Bb2 O-O 8. d3
Bxf3 9. Bxf3 Nbd7 10. Qc2 Re8 11. Nc3 Ne5 12. Bg2 Ng6 13. Rad1 h5 14. d4 h4 15.
e4 dxe4 16. Nxe4 Nh7 17. Nc5 Qc8 18. Rfe1 Ngf8 19. Ne4 f5 20. Nc5 Bf6 21. Nd3
Qc7 22. Qe2 hxg3 23. hxg3 Rad8 24. Ne5 Nd7 25. f4 Nxe5 26. fxe5 Be7 27. Kf2 Bb4
28. Rh1 Qf7 29. Bc1 Be7 30. Be3 Ng5 31. Bf4 Qg6 32. Ke3 Kf7 33. g4 Ne4 34. gxf5
exf5 35. Bxe4 fxe4 36. Rdg1 Qf5 37. Rh5 g5 38. Bxg5 Qf3+ 39. Qxf3+ exf3 40.
Rh7+ Ke6 41. Bxe7 Rxe7 42. Rg6+ 1-0

[Event "Uxbridge Int Morphy"]
[Site "Denham Grove"]
[Date "2010.02.16"]
[Round "7"]
[White "Slavin, Alexei"]
[Black "Brown, Thomas"]
[Result "1-0"]
[WhiteElo "2368"]
[BlackElo "2064"]
[PlyCount "39"]
[EventDate "2010.02.13"]
[EventType "tourn"]
[EventRounds "9"]
[EventCountry "ENG"]

1. d4 d5 2. Nf3 Nf6 3. c4 e6 4. g3 c5 5. cxd5 exd5 6. Bg2 Nc6 7. O-O Be7 8. Nc3
O-O 9. dxc5 Bxc5 10. Na4 Be7 11. Be3 Re8 12. Rc1 Ne4 13. Nd4 Bd7 14. Nc3 Nxc3
15. Rxc3 Bf6 16. Bxd5 Bh3 17. Nxc6 bxc6 18. Rxc6 Bxf1 19. Kxf1 Re5 20. Rd6 1-0

[Event "Uxbridge Int Morphy"]
[Site "Denham Grove"]
[Date "2010.02.16"]
[Round "7"]
[White "Zhou, Yang-Fan"]
[Black "Tymrakiewicz, Rafal"]
[Result "1/2-1/2"]
[WhiteElo "2279"]
[BlackElo "2273"]
[PlyCount "105"]
[EventDate "2010.02.13"]
[EventType "tourn"]
[EventRounds "9"]
[EventCountry "ENG"]

1. e4 Nf6 2. e5 Nd5 3. c4 Nb6 4. c5 Nd5 5. Nc3 c6 6. Nf3 d6 7. cxd6 exd6 8. Bc4
Nb6 9. Bb3 d5 10. O-O Be7 11. d4 Na6 12. Bc2 Be6 13. a3 Nb8 14. Ne2 N8d7 15.
Nf4 g6 16. Nxe6 fxe6 17. Bh6 Qc7 18. Ng5 Nf8 19. Qg4 Bxg5 20. Bxg5 Qf7 21. a4
Nc8 22. b4 Ne7 23. b5 Nd7 24. bxc6 bxc6 25. Rab1 Rb8 26. Bh6 Nf5 27. Bxf5 gxf5
28. Qf3 Rxb1 29. Rxb1 Qg6 30. Bf4 O-O 31. a5 Qg4 32. Rb7 Rb8 33. Qxg4+ fxg4 34.
a6 Kf8 35. Bd2 Ke8 36. Bb4 Rc8 37. Rxa7 c5 38. Bxc5 Nxc5 39. dxc5 Rxc5 40. Kf1
Ra5 41. Ke2 Ra3 42. Rxh7 Rxa6 43. h3 Ra4 44. hxg4 Rxg4 45. Kf3 Rg5 46. g4 Rxe5
47. Ra7 Kf8 48. Kf4 Re4+ 49. Kg5 e5 50. Kh5 Rf4 51. Ra2 Kg7 52. g5 Rf7 53. Kg4
1/2-1/2

[Event "Uxbridge Int Morphy"]
[Site "Denham Grove"]
[Date "2010.02.17"]
[Round "8"]
[White "Brown, Thomas"]
[Black "Adair, James"]
[Result "0-1"]
[WhiteElo "2064"]
[BlackElo "2167"]
[PlyCount "52"]
[EventDate "2010.02.13"]
[EventType "tourn"]
[EventRounds "9"]
[EventCountry "ENG"]

1. d4 Nf6 2. c4 e6 3. Nc3 Bb4 4. e3 O-O 5. Bd3 d5 6. Nf3 c5 7. O-O cxd4 8. exd4
dxc4 9. Bxc4 b6 10. Qe2 Bb7 11. Rd1 Bxc3 12. bxc3 Nbd7 13. Bd3 Rc8 14. c4 Bxf3
15. Qxf3 e5 16. Bf5 e4 17. Qg3 Rxc4 18. Bh6 Ne8 19. Bg5 Ndf6 20. Qh3 Qd5 21.
Be3 g6 22. Bc8 Nd6 23. Ba6 Ra4 24. Qh4 Nd7 25. Bf1 Nf5 26. Qh3 Rc8 0-1

[Event "Uxbridge Int Morphy"]
[Site "Denham Grove"]
[Date "2010.02.17"]
[Round "8"]
[White "Slavin, Alexei"]
[Black "Arkell, Keith C"]
[Result "0-1"]
[WhiteElo "2368"]
[BlackElo "2462"]
[PlyCount "90"]
[EventDate "2010.02.13"]
[EventType "tourn"]
[EventRounds "9"]
[EventCountry "ENG"]

1. d4 d6 2. e4 Nf6 3. Nc3 b6 4. Bg5 Bb7 5. Bxf6 exf6 6. Qd2 Nd7 7. O-O-O a6 8.
Nf3 b5 9. Bd3 g6 10. e5 fxe5 11. dxe5 Nxe5 12. Be4 Bxe4 13. Nxe5 dxe5 14. Qe3
Qh4 15. g3 Qh6 16. f4 Bg7 17. Nxe4 O-O 18. Rd7 exf4 19. gxf4 Rfe8 20. Qf3 Rad8
21. Rxd8 Rxd8 22. h4 Qh5 23. Qxh5 gxh5 24. f5 Be5 25. f6 h6 26. c3 Kh7 27. Rf1
Kg6 28. Kc2 Rd5 29. b4 c6 30. Rf2 Bc7 31. Nc5 a5 32. Nd3 axb4 33. cxb4 Rd4 34.
a4 bxa4 35. Kc3 Rxh4 36. Ra2 Rh1 37. Rxa4 h4 38. Ra6 Bg3 39. Rxc6 h3 40. Rc8
Rg1 41. Nc5 Kf5 42. Rh8 h2 43. Rxh6 h1=Q 44. Rxh1 Rxh1 45. b5 Rc1+ 0-1

[Event "Uxbridge Int Morphy"]
[Site "Denham Grove"]
[Date "2010.02.17"]
[Round "8"]
[White "Tserendorj, Sainbayar"]
[Black "Zhou, Yang-Fan"]
[Result "0-1"]
[WhiteElo "2019"]
[BlackElo "2279"]
[PlyCount "54"]
[EventDate "2010.02.13"]
[EventType "tourn"]
[EventRounds "9"]
[EventCountry "ENG"]

1. c4 Nf6 2. g3 g6 3. b3 Bg7 4. Bb2 O-O 5. Bg2 d6 6. Nf3 e5 7. O-O c6 8. d3
Nbd7 9. Nc3 Re8 10. e4 a6 11. a4 a5 12. Qc2 Nc5 13. Ba3 Na6 14. Rad1 Nb4 15.
Qb1 Qb6 16. h3 Nd7 17. Bc1 Nc5 18. Be3 Nba6 19. Nd2 Qc7 20. Ne2 Bd7 21. Kh2
Rad8 22. Bg5 Rb8 23. Nc3 Ne6 24. Be3 f5 25. Ne2 f4 26. gxf4 exf4 27. Bxf4 Nxf4
0-1

[Event "Uxbridge Int Morphy"]
[Site "Denham Grove"]
[Date "2010.02.17"]
[Round "8"]
[White "Tymrakiewicz, Rafal"]
[Black "Larsen, Karsten"]
[Result "1/2-1/2"]
[WhiteElo "2273"]
[BlackElo "2319"]
[PlyCount "39"]
[EventDate "2010.02.13"]
[EventType "tourn"]
[EventRounds "9"]
[EventCountry "ENG"]

1. d4 d5 2. Nf3 Nf6 3. e3 e6 4. Bd3 c5 5. b3 Nc6 6. O-O b6 7. Nbd2 Bb7 8. Bb2
Be7 9. Ne5 O-O 10. a3 Rc8 11. Qf3 c4 12. bxc4 dxc4 13. Nexc4 b5 14. Ne5 Nxe5
15. Qxb7 Nxd3 16. cxd3 Rc2 17. Bc1 Qd7 18. Qxd7 Nxd7 19. Nf3 Rc3 20. Rd1
1/2-1/2

[Event "Uxbridge Int Morphy"]
[Site "Denham Grove"]
[Date "2010.02.17"]
[Round "9"]
[White "Arkell, Keith C"]
[Black "Brown, Thomas"]
[Result "1-0"]
[WhiteElo "2462"]
[BlackElo "2064"]
[PlyCount "83"]
[EventDate "2010.02.13"]
[EventType "tourn"]
[EventRounds "9"]
[EventCountry "ENG"]

1. d4 Nf6 2. Nf3 g6 3. c4 Bg7 4. g3 O-O 5. Bg2 d6 6. O-O Nbd7 7. d5 e5 8. dxe6
fxe6 9. Nc3 e5 10. Bg5 Nc5 11. Be3 Qe7 12. Qd2 Ne6 13. h3 Bd7 14. Rfd1 Rad8 15.
Nd5 Qf7 16. Ng5 Nxg5 17. Bxg5 Bc8 18. e3 c6 19. Nxf6+ Bxf6 20. Bxf6 Qxf6 21.
Qc2 Kh8 22. Rd2 d5 23. cxd5 cxd5 24. Rxd5 Rxd5 25. Bxd5 Bf5 26. Qe2 Bxh3 27.
Bxb7 Bg4 28. Qd2 Qf5 29. Bg2 Bf3 30. Bxf3 Qxf3 31. Re1 Rf5 32. Qe2 Qe4 33. Rc1
Kg7 34. Qf1 Qb7 35. b3 Qd5 36. Qd1 Qe4 37. Rc4 Qb7 38. e4 Rf7 39. Qd6 Qe7 40.
Qxe7 Rxe7 41. Rc6 Kh6 42. Kg2 1-0

[Event "Uxbridge Int Morphy"]
[Site "Denham Grove"]
[Date "2010.02.17"]
[Round "9"]
[White "Larsen, Karsten"]
[Black "Tserendorj, Sainbayar"]
[Result "1-0"]
[WhiteElo "2319"]
[BlackElo "2019"]
[PlyCount "105"]
[EventDate "2010.02.13"]
[EventType "tourn"]
[EventRounds "9"]
[EventCountry "ENG"]

1. e4 d6 2. d4 Nf6 3. Bd3 g6 4. Nf3 Bg4 5. Nbd2 Bg7 6. h3 Bxf3 7. Nxf3 Nc6 8.
c3 a6 9. O-O O-O 10. Re1 e5 11. Bd2 Nd7 12. Be3 Rb8 13. Qb1 b5 14. a3 Na5 15.
b4 Nb7 16. a4 c6 17. axb5 axb5 18. Ra6 Qc8 19. Qa2 Nd8 20. dxe5 Nxe5 21. Nxe5
Bxe5 22. Bd2 c5 23. f4 cxb4 24. cxb4 Bc3 25. Rxd6 Qc7 26. e5 Bxd2 27. Qxd2 Ne6
28. f5 Ng7 29. f6 Ne6 30. Be4 Rfd8 31. Rd1 Rxd6 32. exd6 Qd8 33. Qb2 Rb6 34.
Qe5 Qd7 35. Bc2 Rb8 36. Bb3 Re8 37. Kh1 h6 38. Rc1 Rd8 39. Rd1 Re8 40. Qe4 Kh7
41. Qd5 Rc8 42. Qe5 Re8 43. Rc1 Kg8 44. Qd5 Rd8 45. Rc6 Nf4 46. Qf3 Ne6 47. Qc3
Kh7 48. Bd5 Nf4 49. Rc7 Qxd6 50. Rxf7+ Kh8 51. Bf3 Qd4 52. Qc7 Ne6 53. Rh7+ 1-0

[Event "Uxbridge Int Morphy"]
[Site "Denham Grove"]
[Date "2010.02.17"]
[Round "9"]
[White "Zhou, Yang-Fan"]
[Black "Cox, John J"]
[Result "1/2-1/2"]
[WhiteElo "2279"]
[BlackElo "2387"]
[PlyCount "117"]
[EventDate "2010.02.13"]
[EventType "tourn"]
[EventRounds "9"]
[EventCountry "ENG"]

1. e4 Nf6 2. e5 Nd5 3. c4 Nb6 4. c5 Nd5 5. Nc3 c6 6. Bc4 e6 7. Ne4 b6 8. Nd6+
Bxd6 9. cxd6 Ba6 10. d3 O-O 11. Nf3 f6 12. O-O c5 13. Bd2 Qc8 14. Rc1 fxe5 15.
Nxe5 Nc6 16. Nxc6 Qxc6 17. Bxa6 b5 18. Bxb5 Qxb5 19. Bc3 Nxc3 20. bxc3 Qa6 21.
d4 Qxa2 22. dxc5 Rfc8 23. Qd4 Qa5 24. h3 Qxc5 25. Rfd1 a5 26. Qa4 Rc6 27. Rd4
Rb8 28. Rd2 h6 29. Qh4 Qg5 30. Qxg5 hxg5 31. Ra2 Rc5 32. Rca1 Ra8 33. Kf1 Kf7
34. Ke2 e5 35. Kd3 Ke6 36. Ra4 Kxd6 37. f3 Ke6 38. Rb1 Ra6 39. Rb3 Rd6+ 40. Kc2
Rcd5 41. Rb8 Rd2+ 42. Kb3 R6d5 43. Rg4 Rc5 44. Rxg5 Rd3 45. Rxg7 Rcxc3+ 46. Kb2
a4 47. Rb6+ d6 48. Rg6+ Kf5 49. Rgxd6 a3+ 50. Kb1 Rxd6 51. Rxd6 Rb3+ 52. Ka1
Rb2 53. g4+ Kg5 54. Rd3 Rh2 55. Re3 Kf4 56. Re4+ Kxf3 57. Rxe5 Rxh3 58. Ra5
Kxg4 59. Ra4+ 1/2-1/2

[Event "Uxbridge Int Petrosian"]
[Site "Denham Grove"]
[Date "2010.02.13"]
[Round "1"]
[White "Armstrong, Malcolm J"]
[Black "Lenier, Jude A"]
[Result "1/2-1/2"]
[WhiteElo "2019"]
[BlackElo "1913"]
[PlyCount "79"]
[EventDate "2010.02.13"]
[EventType "tourn"]
[EventRounds "9"]
[EventCountry "ENG"]

1. Nf3 Nf6 2. b3 g6 3. Bb2 Bg7 4. c4 O-O 5. e3 b6 6. Be2 Bb7 7. O-O c5 8. d4 d6
9. Nc3 Nbd7 10. d5 Re8 11. h3 Ne4 12. Qc2 Nxc3 13. Bxc3 Nf6 14. Rad1 e6 15.
dxe6 fxe6 16. Nd2 d5 17. Bf3 Qc7 18. Qb2 Qf7 19. Be5 Rad8 20. Rfe1 Rd7 21. Qc2
Ba8 22. a4 Ne4 23. Bxg7 Nxd2 24. Rxd2 Qxg7 25. Red1 Red8 26. a5 Qe5 27. Qb2
Qxb2 28. Rxb2 d4 29. Bxa8 Rxa8 30. b4 e5 31. bxc5 bxc5 32. Rb5 Rc8 33. exd4
exd4 34. Kf1 Kf7 35. Ke2 Rc6 36. Kd3 a6 37. Rb2 Kf6 38. Rdb1 Ke6 39. Rb7 h6 40.
R7b6 1/2-1/2

[Event "Uxbridge Int Petrosian"]
[Site "Denham Grove"]
[Date "2010.02.13"]
[Round "1"]
[White "Campbell, Eoin"]
[Black "Pleasants, Allan J"]
[Result "1-0"]
[WhiteElo "1954"]
[BlackElo "2079"]
[PlyCount "59"]
[EventDate "2010.02.13"]
[EventType "tourn"]
[EventRounds "9"]
[EventCountry "ENG"]

1. Nf3 Nc6 2. d4 d5 3. g3 Bf5 4. Bg2 Nf6 5. O-O e6 6. c4 Be7 7. Nc3 O-O 8. cxd5
exd5 9. Bg5 Re8 10. e3 Rb8 11. Ne5 Be6 12. f4 h6 13. Bxf6 Bxf6 14. f5 Bc8 15.
Nxf7 Kxf7 16. Bxd5+ Ke7 17. Qf3 Bd7 18. Ne4 Nb4 19. Nxf6 gxf6 20. Be6 Bc6 21.
Qh5 Rh8 22. Qf7+ Kd6 23. Rac1 Qf8 24. Rxc6+ Kxc6 25. Rc1+ Kb5 26. Rc5+ Ka6 27.
Qxc7 b6 28. Bc4+ b5 29. Rxb5 Rxb5 30. a4 1-0